000 00375nam a2200145Ia 4500
008 230917s9999||||xx |||||||||||||| ||und||
040 _e175331
_aMAIN
041 _aEnglish
082 _a005.453 A68D
100 _aAho, Alfred V
245 0 _aComputers: Principles, techniques and tools
260 _aNew Delhi
_bPearson Education
_c2001
300 _a796 p.
942 _cBK
999 _c108822
_d108822